[Event "March TNT"]
[Site "Winnipeg CAN"]
[Date "2014.03.11"]
[Round "2.4"]
[White "Kernetsky, Myron"]
[Black "Baron, Gustav"]
[Result "1-0"]
[WhiteElo "2039"]
[BlackElo "1884"]
[PlyCount "112"]
[EventDate "2014.03.04"]
[EventType "swiss"]
[EventRounds "4"]
[EventCountry "CAN"]

1. d4 Nf6 2. Nf3 g6 3. Bf4 Bg7 4. Nbd2 O-O 5. h3 d5 6. e3 c5 7. c3 b6 8. Bd3
Ba6 9. Qe2 Bxd3 10. Qxd3 Nbd7 11. O-O a5 12. Rfd1 c4 13. Qc2 b5 14. a3 Qb6 15.
e4 e6 16. exd5 exd5 17. Re1 Rfe8 18. Nf1 Ne4 19. Ne3 Qc6 20. Re2 f5 21. Nf1 h6
22. h4 Re6 23. Rae1 Rae8 24. Re3 Kh7 25. N1h2 Bf6 26. g4 Bg7 27. gxf5 gxf5 28.
Kh1 Bf6 29. Rg1 R6e7 30. Ree1 Rg7 31. Rxg7+ Bxg7 32. Nf1 Qg6 33. Ne3 Qh5 34.
Qe2 Kh8 35. Kg2 Bf6 36. Rh1 Rg8+ 37. Kf1 Re8 38. Ng5 Qxe2+ 39. Kxe2 hxg5 40.
hxg5+ Kg8 41. gxf6 Ndxf6 42. Rg1+ Kf7 43. f3 Nh5 44. Be5 f4 45. fxe4 Ng3+ 46.
Rxg3 fxg3 47. exd5 Rg8 48. Kf3 Ke7 49. Bxg3 Rf8+ 50. Ke4 Rg8 51. Bf4 Rg1 52.
d6+ Kd7 53. Nd5 Kc6 54. Nf6 Re1+ 55. Kf5 b4 56. axb4 a4 1-0

[Event "March TNT"]
[Site "Winnipeg CAN"]
[Date "2014.03.11"]
[Round "2.4"]
[White "Lipnowski, Samuel"]
[Black "Wolchock, Theo"]
[Result "1-0"]
[WhiteElo "2233"]
[BlackElo "1947"]
[PlyCount "69"]
[EventDate "2014.03.04"]
[EventType "swiss"]
[EventRounds "4"]
[EventCountry "CAN"]

1. c4 c5 2. g3 g6 3. Bg2 Bg7 4. Nc3 Nc6 5. Nf3 Nf6 6. d4 cxd4 7. Nxd4 O-O 8.
Nc2 d6 9. O-O Bd7 10. Bd2 Qc8 11. Ne3 Ne5 12. Ncd5 Nxd5 13. Nxd5 Re8 14. Rc1
Bh3 15. Qb3 Bxg2 16. Kxg2 Qc6 17. f3 e6 18. Ne3 Nd7 19. Bc3 Bh6 20. Bd2 Nc5 21.
Qc2 Bg7 22. Rfd1 Red8 23. b3 Rac8 24. Qb1 b6 25. Rc2 Qb7 26. Bc3 Bxc3 27. Rxc3
d5 28. cxd5 exd5 29. Rc2 d4 30. Ng4 Ne6 31. Rdc1 Qa6 32. Rxc8 Qxe2+ 33. Nf2
Rxc8 34. Rxc8+ Kg7 35. Qe4 1-0

[Event "March TNT"]
[Site "Winnipeg CAN"]
[Date "2014.03.11"]
[Round "2.4"]
[White "Reimer, Bruce"]
[Black "Raihman, Igal"]
[Result "0-1"]
[WhiteElo "1615"]
[BlackElo "1978"]
[PlyCount "82"]
[EventDate "2014.03.04"]
[EventType "swiss"]
[EventRounds "4"]
[EventCountry "CAN"]

1. c4 c5 2. g3 e6 3. Bg2 d5 4. cxd5 exd5 5. d4 Nf6 6. Nc3 Be6 7. Nf3 h6 8. O-O
Nc6 9. Re1 Be7 10. b3 O-O 11. h3 Rc8 12. a4 cxd4 13. Nb5 Bb4 14. Bd2 Bc5 15.
Rc1 Ne4 16. Rb1 Bf5 17. b4 Nxd2 18. Qxd2 Bxb1 19. Rxb1 Bxb4 20. Rxb4 Nxb4 21.
Qxb4 Rc1+ 22. Kh2 Rc4 23. Qa3 Qa5 24. Nfxd4 Rxa4 25. Qb2 Rd8 26. e4 a6 27. Nf5
d4 28. Nbxd4 Raxd4 29. Nxd4 Qe5 30. Qxb7 Qxd4 31. Kg1 a5 32. Bf1 a4 33. Qc7 Qd6
34. Qa7 Qc6 35. Qa5 Rd1 36. Kg2 Qxe4+ 37. Kg1 Qd3 38. Qa8+ Kh7 39. Qg2 Rxf1+
40. Qxf1 Qxf1+ 41. Kxf1 a3 0-1

[Event "March TNT"]
[Site "Winnipeg CAN"]
[Date "2014.03.11"]
[Round "2.4"]
[White "Trueman, Francis"]
[Black "Remillard, John"]
[Result "0-1"]
[WhiteElo "1508"]
[BlackElo "1744"]
[PlyCount "86"]
[EventDate "2014.03.04"]
[EventType "swiss"]
[EventRounds "4"]
[EventCountry "CAN"]

1. c4 f5 2. Nc3 Nf6 3. e3 e6 4. Nf3 Be7 5. d4 O-O 6. Be2 b6 7. d5 exd5 8. Nxd5
Bb7 9. Nxe7+ Qxe7 10. O-O d6 11. Bd3 Ne4 12. b3 Nd7 13. Bb2 Rae8 14. Qe2 Nec5
15. Bc2 f4 16. Bd4 Bxf3 17. Qxf3 Ne5 18. Qe2 f3 19. Qd1 fxg2 20. Re1 Nf3+ 21.
Kxg2 Qg5+ 22. Kf1 Qg1+ 23. Ke2 Nxd4+ 24. Qxd4 Qxf2+ 25. Kd1 Qxh2 26. Qd5+ Rf7
27. Rh1 Qe5 28. Bxh7+ Kf8 29. Qxe5 Rxe5 30. Ke2 g5 31. Bg6 Rg7 32. Raf1+ Ke7
33. Bc2 Ne6 34. Kd3 a5 35. Rh8 g4 36. Kd2 g3 37. b4 g2 38. Rg1 axb4 39. Ba4 Rg3
40. Re8+ Kf7 41. Bd7 Rexe3 42. Rxg2 Rd3+ 43. Ke2 Nf4+ 0-1

[Event "March TNT"]
[Site "Winnipeg CAN"]
[Date "2014.03.18"]
[Round "3.4"]
[White "Boron, Anthony"]
[Black "Atem, James"]
[Result "1-0"]
[WhiteElo "2014"]
[BlackElo "1863"]
[PlyCount "69"]
[EventDate "2014.03.04"]
[EventType "swiss"]
[EventRounds "4"]
[EventCountry "CAN"]

1. e4 e5 2. Nf3 d6 3. d4 exd4 4. Nxd4 Be7 5. Nc3 Nf6 6. Bc4 O-O 7. O-O c5 8.
Nf3 a6 9. a4 Nc6 10. h3 Be6 11. Bd5 h6 12. Bf4 Qd7 13. Re1 Nb4 14. Bxe6 fxe6
15. Bh2 Ne8 16. a5 Qc6 17. Na4 Qc7 18. Nb6 Rd8 19. c3 Nc6 20. Qb3 Kf7 21. Nd2
Nxa5 22. Rxa5 Qc6 23. Raa1 Nc7 24. Nbc4 Bg5 25. Nf3 Be7 26. Nce5+ dxe5 27.
Nxe5+ Kf6 28. Nxc6 bxc6 29. Bxc7 Rd2 30. Rad1 c4 31. Qxc4 Rxb2 32. Bg3 a5 33.
Re3 Kf7 34. Rf3+ Ke8 35. Qxc6# 1-0

[Event "March TNT"]
[Site "Winnipeg CAN"]
[Date "2014.03.18"]
[Round "3.4"]
[White "Huston-Earle, Joshua"]
[Black "Evans, Jason"]
[Result "1-0"]
[WhiteElo "1353"]
[BlackElo "1514"]
[PlyCount "53"]
[EventDate "2014.03.04"]
[EventType "swiss"]
[EventRounds "4"]
[EventCountry "CAN"]

1. d4 d6 2. e4 c6 3. f4 Nd7 4. Nf3 Qc7 5. c4 e5 6. d5 Ngf6 7. Nc3 Nc5 8. Bd3
Nxd3+ 9. Qxd3 Be7 10. Bd2 O-O 11. O-O-O a6 12. Be3 Bd7 13. fxe5 dxe5 14. d6
Bxd6 15. Qxd6 Qc8 16. Nxe5 Rd8 17. Bb6 Bg4 18. Bxd8 Bxd1 19. Rxd1 Ne8 20. Qe7
Qe6 21. Qxe6 fxe6 22. Be7 Nf6 23. Rd8+ Rxd8 24. Bxd8 Kf8 25. Bxf6 gxf6 26. Nd7+
Kg7 27. Kd2 1-0

[Event "March TNT"]
[Site "Winnipeg CAN"]
[Date "2014.03.18"]
[Round "3.4"]
[White "Lipnowski, Samuel"]
[Black "Lipnowski, Samuel"]
[Result "0-1"]
[WhiteElo "2039"]
[BlackElo "2233"]
[PlyCount "112"]
[EventDate "2014.03.04"]
[EventType "swiss"]
[EventRounds "4"]
[EventCountry "CAN"]

1. d4 Nf6 2. Bf4 d5 3. e3 c6 4. c3 Bf5 5. Nf3 Nbd7 6. Be2 h6 7. h3 e6 8. Nbd2
Be7 9. O-O O-O 10. Qb3 Qc8 11. c4 Ne4 12. Rfd1 Re8 13. Rac1 Bf6 14. a4 Nxd2 15.
Rxd2 Be4 16. Bg3 Nb6 17. cxd5 exd5 18. Ne5 Nd7 19. Nd3 Bd8 20. Nb4 a5 21. Na2
Bc7 22. Bxc7 Qxc7 23. Nc3 Nf6 24. Nxe4 Nxe4 25. Rdc2 Qe7 26. Bd3 Nd6 27. Qb6
Qg5 28. Bf1 Re6 29. Rc3 Rf6 30. R1c2 Qh4 31. Bd3 Qg5 32. Rc5 Re8 33. Qxa5 Rxe3
34. Qd2 Re8 35. Qxg5 hxg5 36. Ra5 Rf4 37. Rd2 g6 38. Bf1 Nf5 39. Ra7 Re7 40. a5
Kf8 41. Ra8+ Kg7 42. Ra7 Kf6 43. a6 bxa6 44. Rxa6 Nxd4 45. Bd3 Re6 46. Kf1 c5
47. Ra8 Nb3 48. Rd1 Rd4 49. f3 c4 50. Bc2 Rxd1+ 51. Bxd1 Nd2+ 52. Kf2 d4 53.
Rd8 d3 54. b3 cxb3 55. Rxd3 b2 56. Bc2 Rc6 0-1

[Event "March TNT"]
[Site "Winnipeg CAN"]
[Date "2014.03.18"]
[Round "3.4"]
[White "Magyar, Peter"]
[Black "Roy, Rayan"]
[Result "0-1"]
[WhiteElo "1556"]
[BlackElo "1436"]
[PlyCount "120"]
[EventDate "2014.03.04"]
[EventType "swiss"]
[EventRounds "4"]
[EventCountry "CAN"]

1. e3 c5 2. c4 Nc6 3. Nf3 g6 4. Nc3 d6 5. b3 Nf6 6. d3 Bg7 7. Bb2 O-O 8. Be2
Re8 9. O-O e6 10. a3 d5 11. cxd5 exd5 12. Re1 d4 13. exd4 cxd4 14. Nb5 Ng4 15.
h3 Nge5 16. Nbxd4 Nxf3+ 17. Bxf3 Nxd4 18. Be4 f5 19. Bd5+ Kf8 20. Rxe8+ Qxe8
21. Rb1 Ne2+ 22. Kf1 Bxb2 23. Rxb2 Nc3 24. Qf3 Qd8 25. Bc4 a6 26. Qe3 Nd1 27.
Qc5+ Qe7 28. Qxe7+ Kxe7 29. Re2+ Kf6 30. Re1 Nb2 31. Bd5 Nxd3 32. Re8 Nc5 33.
b4 Nd7 34. Be6 Nb6 35. Bb3 Ra7 36. h4 Bd7 37. Rf8+ Kg7 38. Rf7+ Kh6 39. Kg1 a5
40. b5 Bxb5 41. Rc7 a4 42. Bg8 Nd7 43. Be6 Nf6 44. f3 Bc6 45. Kh2 Ra6 46. Kg3
b5 47. Bc8 Rb6 48. Ra7 b4 49. axb4 Rxb4 50. Ra6 Rc4 51. Be6 Nd5 52. Bg8 Rc3 53.
Ra7 Nf6 54. Bf7 a3 55. Ba2 Bd5 56. Ra6 Nh5+ 57. Kf2 Bxa2 58. Ke2 Bc4+ 59. Kd2
Rd3+ 60. Kc2 Bxa6 0-1

[Event "March TNT"]
[Site "Winnipeg CAN"]
[Date "2014.03.18"]
[Round "3.4"]
[White "Melamedoff, Gustavo"]
[Black "Clark, Jeff"]
[Result "1/2-1/2"]
[WhiteElo "2080"]
[BlackElo "1964"]
[PlyCount "81"]
[EventDate "2014.03.04"]
[EventType "swiss"]
[EventRounds "4"]
[EventCountry "CAN"]

1. Nf3 c5 2. c4 Nf6 3. g3 d5 4. cxd5 Nxd5 5. Bg2 Nc6 6. Nc3 Nxc3 7. bxc3 e5 8.
O-O Be7 9. Rb1 O-O 10. a4 Re8 11. Ba3 Qc7 12. d3 Rb8 13. Qc1 b6 14. Nd2 Na5 15.
Nb3 Nxb3 16. Rxb3 Bd7 17. a5 bxa5 18. Rxb8 Rxb8 19. d4 Bg4 20. Qe3 cxd4 21.
cxd4 Bxa3 22. Qxa3 exd4 23. Rc1 Qe5 24. Bf3 Bxf3 25. Qxf3 g6 26. Rc6 Qb5 27.
Rc7 Qb3 28. Qxb3 Rxb3 29. Rxa7 Ra3 30. Rd7 Ra4 31. Kg2 Rb4 32. Kf3 f5 33. h3 a4
34. g4 a3 35. Ra7 Rb3+ 36. Kf4 d3 37. exd3 Rxd3 38. gxf5 gxf5 39. h4 Rh3 40. f3
Rxh4+ 41. Kxf5 1/2-1/2

[Event "March TNT"]
[Site "Winnipeg CAN"]
[Date "2014.03.18"]
[Round "3.4"]
[White "Raihman, Igal"]
[Black "Remillard, John"]
[Result "1-0"]
[WhiteElo "1978"]
[BlackElo "1744"]
[PlyCount "85"]
[EventDate "2014.03.04"]
[EventType "swiss"]
[EventRounds "4"]
[EventCountry "CAN"]

1. e4 c5 2. Nf3 Nc6 3. d4 e6 4. d5 exd5 5. exd5 Qe7+ 6. Be2 Nd4 7. Nxd4 cxd4 8.
O-O Qf6 9. Nd2 Bd6 10. Re1 Ne7 11. Ne4 Qe5 12. Nxd6+ Qxd6 13. Qxd4 Qxd5 14.
Qxg7 Rg8 15. Qxg8+ Nxg8 16. Bc4+ Qe6 17. Bxe6 dxe6 18. b3 Bd7 19. a4 Rc8 20. c4
Ne7 21. Bg5 Ng6 22. Bf6 Rc5 23. Bd4 Rg5 24. Be3 Rg4 25. h3 Rh4 26. Bxa7 Bc6 27.
Be3 Nf4 28. Bxf4 Rxf4 29. Rad1 Rf5 30. Rd4 h5 31. f4 Ke7 32. Re5 Kf6 33. Rxf5+
Kxf5 34. a5 e5 35. fxe5 Kxe5 36. Rd8 f5 37. b4 Ke6 38. b5 Bd7 39. a6 bxa6 40.
bxa6 Bc6 41. a7 Ke7 42. a8=Q Bxa8 43. Rxa8 1-0

[Event "March TNT"]
[Site "Winnipeg CAN"]
[Date "2014.03.18"]
[Round "3.4"]
[White "Trueman, Francis"]
[Black "Reimer, Bruce"]
[Result "0-1"]
[WhiteElo "1508"]
[BlackElo "1615"]
[PlyCount "56"]
[EventDate "2014.03.04"]
[EventType "swiss"]
[EventRounds "4"]
[EventCountry "CAN"]

1. Nf3 g6 2. d3 Bg7 3. Nbd2 d6 4. g3 b5 5. Bg2 Bb7 6. O-O Nd7 7. Re1 e5 8. e4
Ne7 9. Nf1 O-O 10. c3 h6 11. h4 f5 12. Qb3+ Kh7 13. exf5 Nxf5 14. Ng5+ hxg5 15.
Bxb7 Rb8 16. Bxg5 Bf6 17. Bxf6 Qxf6 18. Bg2 Nxh4 19. Re2 Nxg2 20. f4 Nxf4 21.
gxf4 Qxf4 22. Qe6 Nc5 23. Qh3+ Kg7 24. Rd1 Rh8 25. Qg2 Ne6 26. Re4 Qf6 27. Ne3
Nf4 28. Qg3 Ne2+ 0-1

[Event "March TNT"]
[Site "Winnipeg CAN"]
[Date "2014.03.18"]
[Round "3.4"]
[White "Wasserman, Leor"]
[Black "De Groot, Steven"]
[Result "0-1"]
[WhiteElo "2040"]
[BlackElo "1910"]
[PlyCount "128"]
[EventDate "2014.03.04"]
[EventType "swiss"]
[EventRounds "4"]
[EventCountry "CAN"]

1. e4 c5 2. Nf3 d6 3. d4 cxd4 4. Nxd4 Nf6 5. Nc3 a6 6. Bc4 e6 7. Bb3 Be7 8. O-O
O-O 9. Be3 Qc7 10. f4 Nc6 11. f5 Nxd4 12. Bxd4 Kh8 13. g4 h6 14. h4 Nh7 15. Qd2
d5 16. Ne2 e5 17. Bf2 dxe4 18. Nc3 Bc5 19. Nxe4 Bxf2+ 20. Qxf2 f6 21. Rad1 Bd7
22. Nc5 Rad8 23. Rd2 Bc8 24. Rfd1 Rxd2 25. Rxd2 b6 26. Ne4 Rd8 27. Nc3 Rxd2 28.
Qxd2 Nf8 29. Qd5 Qc5+ 30. Qxc5 bxc5 31. Ne4 Nd7 32. Be6 Bb7 33. Nd6 Bc6 34. c4
Nf8 35. Kf2 g5 36. hxg5 hxg5 37. Bc8 a5 38. Bb7 Bd7 39. Ne4 Kg7 40. Nxc5 Kf7
41. Bd5+ Ke7 42. Ke3 Be8 43. Nb7 a4 44. c5 Nd7 45. Be6 Nb8 46. Nd6 Bc6 47. Nc8+
Kd8 48. b4 axb3 49. axb3 Na6 50. Na7 Kc7 51. Kd3 Nxc5+ 52. Kc4 Nxe6 53. fxe6
Bf3 54. e7 Kd7 55. Nc8 Bxg4 56. b4 Ke8 57. Nd6+ Kxe7 58. Ne4 Bf3 59. Nd2 Be2+
60. Kc5 g4 61. Ne4 Bf3 62. Nc3 Ke6 63. b5 f5 64. b6 f4 0-1

[Event "March TNT"]
[Site "Winnipeg CAN"]
[Date "2014.03.18"]
[Round "3.4"]
[White "Wolchock, Theo"]
[Black "Leaden, Bruce"]
[Result "1-0"]
[WhiteElo "1947"]
[BlackElo "1554"]
[PlyCount "49"]
[EventDate "2014.03.04"]
[EventType "swiss"]
[EventRounds "4"]
[EventCountry "CAN"]

1. c4 b6 2. Nf3 Bb7 3. Nc3 e6 4. d4 Bb4 5. Bg5 Nf6 6. e3 h6 7. Bxf6 Qxf6 8. Be2
Bxc3+ 9. bxc3 c5 10. O-O O-O 11. Ne5 d6 12. Bf3 Bxf3 13. Nxf3 Qe7 14. Nd2 f5
15. Qf3 Nd7 16. Rfd1 e5 17. Qd5+ Kh8 18. dxe5 Qxe5 19. Nf3 Qxc3 20. Qxd6 Rad8
21. Nh4 Rf6 22. Qe7 Rff8 23. Ng6+ Kh7 24. Nxf8+ Rxf8 25. Qxd7 1-0

[Event "March TNT"]
[Site "Winnipeg CAN"]
[Date "2014.03.25"]
[Round "4.4"]
[White "Atem, James"]
[Black "Magyar, Peter"]
[Result "1-0"]
[WhiteElo "1863"]
[BlackElo "1556"]
[PlyCount "57"]
[EventDate "2014.03.04"]
[EventType "swiss"]
[EventRounds "4"]
[EventCountry "CAN"]

1. c4 c5 2. e4 e6 3. Nf3 h6 4. Nc3 b6 5. d4 Bb7 6. Be2 Nf6 7. Qc2 cxd4 8. Nxd4
e5 9. Nf5 Nc6 10. O-O Nd4 11. Qd3 Nxf5 12. exf5 Be7 13. Qg3 Rg8 14. Qxe5 d6 15.
Qe3 Qd7 16. Nb5 O-O-O 17. Nxa7+ Kb8 18. Qxb6 Ka8 19. Be3 Be4 20. f3 Rb8 21. Qa5
Bd8 22. Qa3 Bb6 23. Nc8+ Kb7 24. Nxb6 Qc6 25. fxe4 Nxe4 26. Bf3 Kc7 27. Nd5+
Kd7 28. Bxe4 Ke8 29. Nf6+ 1-0

[Event "March TNT"]
[Site "Winnipeg CAN"]
[Date "2014.03.25"]
[Round "4.4"]
[White "De Groot, Steven"]
[Black "Clark, Jeff"]
[Result "1/2-1/2"]
[WhiteElo "1910"]
[BlackElo "1964"]
[PlyCount "60"]
[EventDate "2014.03.04"]
[EventType "swiss"]
[EventRounds "4"]
[EventCountry "CAN"]

1. c4 Nf6 2. Nc3 g6 3. g3 Bg7 4. Bg2 O-O 5. e4 e5 6. Nge2 Nc6 7. O-O d6 8. d3
Be6 9. h3 Qd7 10. Kh2 Kh8 11. Be3 Ng8 12. Nd5 f5 13. f3 Rf7 14. exf5 gxf5 15.
f4 Re8 16. d4 e4 17. Nxc7 Qxc7 18. d5 Bc8 19. dxc6 bxc6 20. Qd2 Nf6 21. Rac1
Qd7 22. Rfd1 Rd8 23. Nc3 Qe6 24. b3 Rfd7 25. Ne2 c5 26. Nc3 Bb7 27. Nd5 Nxd5
28. cxd5 Qg6 29. b4 cxb4 30. Qxb4 Ba8 1/2-1/2

[Event "March TNT"]
[Site "Winnipeg CAN"]
[Date "2014.03.25"]
[Round "4.4"]
[White "Evans, Jason"]
[Black "Trueman, Francis"]
[Result "0-1"]
[WhiteElo "1514"]
[BlackElo "1508"]
[PlyCount "44"]
[EventDate "2014.03.04"]
[EventType "swiss"]
[EventRounds "4"]
[EventCountry "CAN"]

1. e4 d6 2. Nf3 Nf6 3. d3 g6 4. Be2 Bg7 5. O-O O-O 6. Bg5 h6 7. Bh4 g5 8. Bxg5
hxg5 9. Nxg5 Nh7 10. f4 Bxb2 11. Nd2 Nxg5 12. fxg5 Bxa1 13. Qxa1 e5 14. Rf6 Nd7
15. Rh6 Qxg5 16. Rh3 Nf6 17. Nf3 Qe3+ 18. Kf1 Bxh3 19. gxh3 Kh8 20. Qe1 Qh6 21.
Nh4 Qf4+ 22. Nf3 Rg8 0-1

[Event "March TNT"]
[Site "Winnipeg CAN"]
[Date "2014.03.25"]
[Round "4.4"]
[White "Lipnowski, Samuel"]
[Black "Melamedoff, Gustavo"]
[Result "1/2-1/2"]
[WhiteElo "2233"]
[BlackElo "2080"]
[PlyCount "103"]
[EventDate "2014.03.04"]
[EventType "swiss"]
[EventRounds "4"]
[EventCountry "CAN"]

1. c4 g6 2. Nc3 Bg7 3. d4 c5 4. dxc5 Qa5 5. Bd2 Qxc5 6. e3 Nf6 7. Nf3 O-O 8.
Be2 Nc6 9. O-O d5 10. cxd5 Nxd5 11. Rc1 Rd8 12. Qa4 Qb4 13. Qxb4 Ndxb4 14. Rfd1
Nd3 15. Bxd3 Rxd3 16. Be1 Rxd1 17. Rxd1 Bg4 18. h3 Bxf3 19. gxf3 Rd8 20. Rxd8+
Nxd8 21. Kf1 Nc6 22. Ke2 f5 23. f4 Kf7 24. b3 e5 25. fxe5 Bxe5 26. f4 Bxc3 27.
Bxc3 Ke6 28. Kd3 Kd5 29. Be1 Nb8 30. Bb4 Nd7 31. Be7 b5 32. b4 a6 33. h4 Nb6
34. Bd8 Nc4 35. Be7 a5 36. bxa5 Nxa5 37. Bb4 Nc4 38. Bf8 Na5 39. Bb4 Nc6 40.
Bf8 Nd8 41. Bb4 Ne6 42. Be7 Nc7 43. Bd8 Na6 44. Be7 Nb8 45. Bb4 Nd7 46. Be7 h5
47. Ba3 Nf6 48. Be7 Ne4 49. Bf8 Nf2+ 50. Ke2 Ne4 51. Kd3 Nf2+ 52. Ke2 1/2-1/2

[Event "March TNT"]
[Site "Winnipeg CAN"]
[Date "2014.03.25"]
[Round "4.4"]
[White "Raihman, Igal"]
[Black "Kernetsky, Myron"]
[Result "1-0"]
[WhiteElo "1978"]
[BlackElo "2039"]
[PlyCount "65"]
[EventDate "2014.03.04"]
[EventType "swiss"]
[EventRounds "4"]
[EventCountry "CAN"]

1. e4 e6 2. d4 d5 3. e5 c5 4. c3 Nc6 5. Nf3 Qb6 6. Be2 Bd7 7. O-O cxd4 8. cxd4
Nge7 9. Nc3 Nf5 10. Na4 Qc7 11. a3 a5 12. b3 Be7 13. Bb2 O-O 14. Bd3 Rfd8 15.
Rc1 g6 16. Qd2 Rac8 17. Qf4 Be8 18. g4 Ng7 19. Qh6 Qb8 20. h4 Na7 21. Rxc8 Rxc8
22. Ng5 Bxg5 23. hxg5 Bb5 24. Bxb5 Nxb5 25. Kg2 Qc7 26. Rc1 Qxc1 27. Bxc1 Rxc1
28. Nc5 Nxd4 29. Nd7 Rc8 30. Nf6+ Kf8 31. Nxh7+ Kg8 32. Nf6+ Kf8 33. Qh8+ 1-0

[Event "March TNT"]
[Site "Winnipeg CAN"]
[Date "2014.03.25"]
[Round "4.4"]
[White "Reimer, Bruce"]
[Black "Huston-Earle, Joshua"]
[Result "1-0"]
[WhiteElo "1615"]
[BlackElo "1353"]
[PlyCount "129"]
[EventDate "2014.03.04"]
[EventType "swiss"]
[EventRounds "4"]
[EventCountry "CAN"]

1. c4 e5 2. g3 Nf6 3. Bg2 Nc6 4. Nc3 Bb4 5. a3 Bxc3 6. bxc3 O-O 7. e3 Re8 8.
Ne2 d6 9. Rb1 b6 10. Bxc6 Bd7 11. Bxd7 Qxd7 12. O-O Rad8 13. d4 Qh3 14. f3 exd4
15. Nf4 Qf5 16. e4 Qc5 17. Qxd4 Qxd4+ 18. cxd4 c6 19. Bb2 d5 20. e5 Nd7 21.
cxd5 c5 22. dxc5 Nxc5 23. Rbd1 Rd7 24. e6 fxe6 25. dxe6 Rxd1 26. Rxd1 Nxe6 27.
Nxe6 Rxe6 28. Kf2 Rc6 29. Rc1 Rd6 30. Rc8+ Kf7 31. Rc7+ Kg6 32. Bxg7 Rd2+ 33.
Kg1 Rd1+ 34. Kg2 Rd2+ 35. Kh3 a5 36. Bf8 Rd8 37. Rc6+ Kf7 38. Bd6 b5 39. f4 a4
40. Bb4 Rd5 41. Rc5 Rxc5 42. Bxc5 Kg6 43. g4 Kf6 44. Kh4 Kg6 45. f5+ Kf6 46.
Bd4+ Kf7 47. g5 Kg8 48. Kh5 Kf7 49. h4 Kg8 50. g6 hxg6+ 51. Kxg6 Kf8 52. h5 Kg8
53. h6 b4 54. axb4 a3 55. h7+ Kf8 56. Kf6 Ke8 57. h8=Q+ Kd7 58. Ke5 a2 59. Qf6
a1=Q 60. Bxa1 Kc7 61. b5 Kb7 62. Qc6+ Kb8 63. Qd7 Ka8 64. b6 Kb8 65. Qc7+ 1-0

[Event "March TNT"]
[Site "Winnipeg CAN"]
[Date "2014.03.25"]
[Round "4.4"]
[White "Remillard, John"]
[Black "Leaden, Bruce"]
[Result "1/2-1/2"]
[WhiteElo "1744"]
[BlackElo "1554"]
[PlyCount "116"]
[EventDate "2014.03.04"]
[EventType "swiss"]
[EventRounds "4"]
[EventCountry "CAN"]

1. f4 b6 2. Nf3 e6 3. e3 Nf6 4. d4 Bb7 5. Nc3 Bb4 6. Bd2 d5 7. Bd3 Ba6 8. O-O
c5 9. dxc5 Bxd3 10. cxd3 Bxc5 11. b4 Be7 12. Nd4 O-O 13. a3 Qc8 14. Rc1 Qb7 15.
Qf3 Nbd7 16. g4 h6 17. e4 dxe4 18. Nxe4 Nxe4 19. Nc6 Ndf6 20. dxe4 Rac8 21.
Nxe7+ Qxe7 22. h4 g6 23. f5 exf5 24. exf5 Rxc1 25. Bxc1 Qe4 26. fxg6 Qd4+ 27.
Kg2 Qxg4+ 28. Qxg4 Nxg4 29. gxf7+ Rxf7 30. Rxf7 Kxf7 31. Kf3 h5 32. b5 Ke6 33.
Bf4 Nf6 34. Bb8 Nd5 35. Bxa7 Kd7 36. Ke4 Nc3+ 37. Kf5 Nxb5 38. Bxb6 Nd6+ 39.
Kg5 Kc6 40. Ba5 Nc4 41. Bb4 Ne5 42. Kxh5 Nf3 43. Kg4 Nxh4 44. Kxh4 Kb7 45. Kg5
Ka8 46. Kf6 Kb7 47. Ke7 Ka8 48. a4 Kb7 49. Kd8 Ka8 50. a5 Kb7 51. Bc5 Ka8 52.
Bb6 Kb7 53. Kd7 Ka8 54. Kc6 Kb8 55. Kb5 Kb7 56. Bc5 Ka8 57. Kc6 Kb8 58. a6 Ka8
1/2-1/2

[Event "March TNT"]
[Site "Winnipeg CAN"]
[Date "2014.03.25"]
[Round "4.4"]
[White "Roy, Rayan"]
[Black "Wasserman, Leor"]
[Result "0-1"]
[WhiteElo "1436"]
[BlackElo "2040"]
[PlyCount "64"]
[EventDate "2014.03.04"]
[EventType "swiss"]
[EventRounds "4"]
[EventCountry "CAN"]

1. e4 e5 2. Nf3 Nc6 3. d4 exd4 4. Nxd4 Bb4+ 5. Nc3 Nf6 6. Nxc6 bxc6 7. Bd3 O-O
8. O-O Re8 9. Re1 d5 10. e5 Ng4 11. Bf4 Bc5 12. Bg3 Qg5 13. h4 Bxf2+ 14. Bxf2
Qf4 15. Qf3 Qh2+ 16. Kf1 Nxe5 17. Bg3 Qh1+ 18. Kf2 Ng4+ 19. Qxg4 Qxe1+ 20. Rxe1
Bxg4 21. Rxe8+ Rxe8 22. Bxc7 g6 23. a4 Be6 24. b4 f5 25. b5 d4 26. Ne2 c5 27.
Nf4 c4 28. Nxe6 cxd3 29. Nc5 d2 30. b6 d1=Q 31. b7 Qe1+ 32. Kf3 Qe3# 0-1

[Event "March TNT"]
[Site "Winnipeg CAN"]
[Date "2014.03.25"]
[Round "4.4"]
[White "Wolchock, Theo"]
[Black "Boron, Anthony"]
[Result "0-1"]
[WhiteElo "1947"]
[BlackElo "2014"]
[PlyCount "60"]
[EventDate "2014.03.04"]
[EventType "swiss"]
[EventRounds "4"]
[EventCountry "CAN"]

1. c4 b6 2. g3 Bb7 3. Nf3 Bxf3 4. exf3 c5 5. d4 cxd4 6. Qxd4 Nc6 7. Qd1 e6 8.
Nc3 Bb4 9. Bd2 Rc8 10. Nb5 Be7 11. Bc3 f6 12. Bh3 a6 13. Nd6+ Bxd6 14. Qxd6 Qe7
15. O-O-O Nh6 16. Qxe7+ Kxe7 17. Rhe1 Rc7 18. f4 Nf7 19. f5 e5 20. f4 Rhc8 21.
b3 Kf8 22. fxe5 Ncxe5 23. Bb4+ Kg8 24. Kb2 b5 25. c5 a5 26. Bxa5 Rxc5 27. Re2
h6 28. Bb4 Rc1 29. Rxc1 Nd3+ 30. Ka3 Ra8+ 0-1

[Event "March op"]
[Site "Grande Prairie, AB"]
[Date "2014.03.15"]
[Round "1"]
[White "Pradzinski, Tim"]
[Black "McGinnis, Paul"]
[Result "1-0"]
[WhiteElo "1944"]
[BlackElo "1666"]
[PlyCount "83"]
[EventDate "2014.03.15"]
[EventType "swiss"]
[EventRounds "3"]
[EventCountry "CAN"]

1. e4 c5 2. Nf3 Nc6 3. d4 cxd4 4. Nxd4 d6 5. Be3 Nf6 6. Nc3 a6 7. Qd2 Bd7 8.
Be2 Qc7 9. O-O Ng4 10. Nd5 Qb8 11. Nxc6 bxc6 12. Nb6 Nxe3 13. Nxd7 Nxf1 14.
Nxb8 Nxd2 15. Nxa6 Ra7 16. f3 d5 17. exd5 cxd5 18. b3 Nc4 19. bxc4 Rxa6 20.
cxd5 Rd6 21. Bb5+ Kd8 22. c4 e6 23. Bc6 exd5 24. Bxd5 Be7 25. Rb1 Kc8 26. a4
Rhd8 27. a5 Rxd5 28. cxd5 Rxd5 29. a6 Bc5+ 30. Kf1 Rd7 31. Ke2 Ra7 32. Rc1 Rc7
33. Rb1 Kd7 34. Kd3 Kc6 35. Kc4 Ra7 36. Rb8 Bd6 37. Rc8+ Bc7 38. Rg8 Rxa6 39.
Rxg7 Bxh2 40. Rxh7 Bd6 41. Rxf7 Ra2 42. Rg7 1-0

[Event "March op"]
[Site "Grande Prairie, AB"]
[Date "2014.03.15"]
[Round "1"]
[White "Stainer, Joel"]
[Black "Caughlin, Wade"]
[Result "1/2-1/2"]
[WhiteElo "1638"]
[BlackElo "1869"]
[PlyCount "59"]
[EventDate "2014.03.15"]
[EventType "swiss"]
[EventRounds "3"]
[EventCountry "CAN"]

1. d4 f5 2. Nf3 Nf6 3. g3 e6 4. c4 d5 5. Bg2 c6 6. cxd5 exd5 7. O-O Bd6 8. Nc3
O-O 9. a3 a5 10. Re1 Nbd7 11. Qb3 Kh8 12. Bg5 Qe8 13. Bxf6 Nxf6 14. Nd2 Qh5 15.
f3 f4 16. Nf1 Qg6 17. e4 dxe4 18. fxe4 Nh5 19. e5 f3 20. Bxf3 Rxf3 21. exd6 Bh3
22. Qd1 Raf8 23. Ne4 Bxf1 24. Rxf1 Rxf1+ 25. Qxf1 Rxf1+ 26. Rxf1 h6 27. Rf8+
Kh7 28. d7 Qxe4 29. d8=Q Qe1+ 30. Kg2 1/2-1/2

[Event "March op"]
[Site "Grande Prairie, AB"]
[Date "2014.03.15"]
[Round "1"]
[White "White, Chris"]
[Black "Kaut, Chris"]
[Result "1-0"]
[WhiteElo "1701"]
[BlackElo "1436"]
[PlyCount "53"]
[EventDate "2014.03.15"]
[EventType "swiss"]
[EventRounds "3"]
[EventCountry "CAN"]

1. d4 d5 2. c4 e6 3. Nc3 Nf6 4. Nf3 Bb4 5. Bg5 Nc6 6. e3 Na5 7. cxd5 Qxd5 8.
Qa4+ b5 9. Qxb4 Nc6 10. Bxb5 Bd7 11. Nxd5 Nxb4 12. Bxd7+ Nxd7 13. Nxb4 f6 14.
Bf4 c5 15. Na6 O-O 16. Nxc5 Nxc5 17. dxc5 Rac8 18. Bd6 Rfd8 19. O-O Kf7 20.
Rfd1 e5 21. Rac1 Ke6 22. b4 a6 23. a4 Rd7 24. c6 Ra7 25. c7 a5 26. b5 Rb7 27.
Rc6 1-0